000 nam a22 7a 4500
999 _c2717
_d2717
005 20170517154727.0
008 170517b1981 ny ||||| |||| 00| 0 eng d
020 _a0070465711
040 _aAKMAL
082 _a650.10246 NIL
090 _a650.10246
_bNIL
100 1 _a Nilsson, W. Daniel
_95730
245 1 0 _aOrientation to professional practice :
_bfor engineers, analysts, programmers, technicians, and scientists /
_cW. Daniel Nilsson, Philip E. Hicks.
260 _aNew York :
_bMcGraw-Hill,
_cc1981
300 _ax, 372 p. :
_bill. ;
_c24 cm
504 _aIncludes bibliographical references and index.
650 0 _aProfessions.
_95731
700 1 _a Hicks, Philip E.,
_e joint author
_95732
942 _2ddc
_cBOOK